[Event "Olympiad-42"]
[Site "Baku"]
[Date "2016.09.05"]
[Round "4.1"]
[White "Suringa, Paquito Jr"]
[Black "Bah, Ebrima"]
[Result "0-1"]
[WhiteElo "1712"]
[BlackElo "2054"]
[PlyCount "99"]
[EventDate "2016.09.02"]
[EventType "team-swiss"]
[EventRounds "11"]
[EventCountry "AZE"]
[SourceTitle "CBM 175"]
[Source "ChessBase"]
[SourceDate "2016.11.10"]
[SourceVersion "1"]
[SourceVersionDate "2016.11.10"]
[SourceQuality "1"]
[WhiteTeam "Palau"]
[BlackTeam "Gambia"]
[WhiteTeamCountry "PAL"]
[BlackTeamCountry "GAM"]

1. d4 Nf6 2. c4 d5 3. Nc3 e6 4. Bg5 Be7 5. Nf3 0-0 6. e3 b6 7. Bd3 Bb7 8. Bxf6 Bxf6 9. cxd5 exd5 10. 0-0 Nd7 11. Qc2 g6 12. h3 c5 13. b3 a6 14. Rac1 Rc8 15. Qd1 Bg7 16. Bb1 Re8 17. Ne2 Nf6 18. Ng3 Ne4 19. Nxe4 dxe4 20. Nd2 cxd4 21. Rxc8 Qxc8 22. exd4 Qd8 23. Re1 Qxd4 24. Qe2 f5 25. Nc4 Rd8 26. Bc2 b5 27. Rd1 Qf6 28. Ne3 Rxd1+ 29. Qxd1 Qa1 30. b4 Qxd1+ 31. Nxd1 Bd5 32. a3 f4 33. Kf1 Kf7 34. Ke2 Ke6 35. h4 Bd4 36. g3 Bc4+ 37. Ke1 fxg3 38. Bxe4 Bd5 39. Bxd5+ Kxd5 40. fxg3 Kc4 41. Kd2 Kb3 42. Kd3 Be5 43. g4 Kxa3 44. Ne3 Kxb4 45. Kc2 a5 46. Nd5+ Kc5 47. Ne3 a4 48. h5 b4 49. Kb1 b3 50. Nd1 0-1

[Event "Olympiad-42"]
[Site "Baku"]
[Date "2016.09.02"]
[Round "1.1"]
[White "Suringa, Paquito Jr"]
[Black "Gruenfeld, Yehuda"]
[Result "0-1"]
[WhiteElo "1712"]
[BlackElo "2451"]
[PlyCount "64"]
[EventDate "2016.09.02"]
[EventType "team-swiss"]
[EventRounds "11"]
[EventCountry "AZE"]
[SourceTitle "CBM 175"]
[Source "ChessBase"]
[SourceDate "2016.11.10"]
[SourceVersion "1"]
[SourceVersionDate "2016.11.10"]
[SourceQuality "1"]
[WhiteTeam "Palau"]
[BlackTeam "ICCD"]
[WhiteTeamCountry "PAL"]

1. e4 c5 2. Bc4 e6 3. Nc3 a6 4. a4 Nc6 5. Nf3 Nf6 6. d3 d5 7. exd5 exd5 8. Ba2 Be7 9. h3 0-0 10. 0-0 b5 11. Bg5 Nb4 12. Re1 Bb7 13. Nh2 Nxa2 14. Nxa2 d4 15. Bxf6 Bxf6 16. b3 Qd5 17. Qg4 Rfe8 18. a5 h5 19. Qg3 Be5 20. Qf3 Bxh2+ 21. Kxh2 Qxf3 22. gxf3 Bxf3 23. Kg3 Bd5 24. f4 Rad8 25. Kf2 f6 26. Rad1 Kf7 27. Rd2 Be6 28. Kg3 h4+ 29. Kh2 Bd5 30. Rf1 Re3 31. c4 dxc3 32. Nxc3 Bxb3 0-1

[Event "Palau 3rd"]
[Site "Koror"]
[Date "2011.12.15"]
[Round "3"]
[White "Anzawa, George"]
[Black "Suringa, Paquito Jr"]
[Result "0-1"]
[WhiteElo "1398"]
[BlackElo "1729"]
[PlyCount "36"]
[EventDate "2011.12.14"]
[EventType "tourn"]
[EventRounds "9"]
[EventCountry "AUS"]
[SourceTitle "CBM 146 Extra"]
[Source "ChessBase"]
[SourceDate "2012.02.29"]
[SourceVersion "1"]
[SourceVersionDate "2012.02.29"]
[SourceQuality "1"]

1. e4 c5 2. Nf3 Nc6 3. Bb5 a6 4. Bxc6 dxc6 5. d3 Bg4 6. 0-0 e6 7. h3 Bh5 8. Qe2 Bd6 9. Qe3 Bc7 10. Nc3 Qd6 11. g3 0-0-0 12. Re1 f6 13. e5 fxe5 14. Nxe5 Ne7 15. g4 Bg6 16. Ne4 Bxe4 17. Qxe4 Rdf8 18. Nc4 Qh2+ 0-1